Minecraft Vocabulary #1 - Statistics

General Stats
  • This quiz has been taken 67 times
  • The average score is 11 of 15
Answer Stats
Term Word % Correct
When a mob appears naturally or from an egg Spawn
95%
Item that when held, revives you from the dead Totem
89%
Pair of wings that lets you fly with rockets Elytra
87%
Mob that makes you levitate when you get hit Shulker
87%
There are three types; Iron, Snow, and Copper Golem
86%
Word for a bar of gold, iron, netherite, or copper Ingot
81%
White ore that spawns naturally in the Nether Quartz
81%
Word that comes after Lapis, used for enchanting Lazuli
79%
Enchantment for tridents that lets you go with it Riptide
78%
Type of glass that doesn't let light pass through Tinted
73%
Typing in the chat using a / to make an event Command
71%
Using gold to trade with Piglins in the Nether Barter
68%
Mobs like Phantoms, Skeletons, and Zombies Undead
67%
Kind of tree that spawns with rooted dirt under Azalea
62%
Name for the seeds for the mangrove tree Propagule
32%
No matching quizzes found
Score Distribution
Percent of People with Each Score
Percentile by Number Answered
Your Score History
You have not taken this quiz